| 000 | 00818nas a2200229 4500 | ||
|---|---|---|---|
| 001 | BR8803884 | ||
| 003 | BR-BrBNA | ||
| 005 | 20231205091211.0 | ||
| 007 | ta | ||
| 008 | 230509b bl.|||p| |||| 00| 00por d | ||
| 040 |
_aBR-BrBNA _bpor _cBiblioteca Nacional de Agricultura |
||
| 041 | _a(Pt) | ||
| 072 | _aL20; L50 | ||
| 110 | 1 |
_aInstituto de Tecnologia do Parana, Curitiba (Brasil) _96267 |
|
| 111 | 1 |
_a16. Reuniao Anual da Sociedade Brasileira de Bioquimica _cCaxambu, MG (Brazil) _d22-25 Apr 1987 |
|
| 245 | 1 | _aResumos da 16. Reuniao Anual da Socidade Brasileira de Bioquimica | |
| 650 | _aBIOLOGIA | ||
| 650 | _aBIOQUIMICA | ||
| 773 | 0 |
_tArquivos de Biologia e Tecnologia (Brazil) _xISSN 0365-0979 _g(Apr 1987), v. 30(1) p. 1-240 _wBR8803884 |
|
| 909 |
_a202311 _bLúcia _c55 _dLúcia Elande |
||
| 942 |
_2AGRIS _n0 _cANA |
||
| 999 |
_c123504 _d123504 |
||